2022 Year End WTA Top 100 - Statistics

General Stats
  • This quiz has been taken 108 times
    39 since last reset
  • The average score is 45 of 100
Answer Stats
Rank Country Answer % Correct
5 Belarus Aryna Sabalenka
100%
23 USA Amanda Anisimova
88%
15 Brazil Beatriz Haddad Maia
88%
12 Switzerland Belinda Bencic
88%
7 USA Coco Gauff
88%
75 Great Britain Emma Raducanu
88%
1 Poland Iga Świątek
88%
59 Italy Jasmine Paolini
88%
18 Latvia Jeļena Ostapenko
88%
3 USA Jessica Pegula
88%
2 Tunisia Ons Jabeur
88%
25 China Qinwen Zheng
88%
10 Romania Simona Halep
88%
21 Czech Republic Barbora Krejčíková
75%
8 Russia Daria Kasatkina
75%
22 Kazakhstan Elena Rybakina
75%
29 Belgium Elise Mertens
75%
6 Greece Maria Sakkari
75%
99 Czech Republic Markéta Vondroušová
75%
42 Japan Naomi Osaka
75%
13 Spain Paula Badosa
75%
37 USA Sloane Stephens
75%
27 Belarus Victoria Azarenka
75%
33 Australia Ajla Tomljanovic
63%
17 Estonia Anett Kontaveit
63%
71 Hungary Anna Bondar
63%
45 Canada Bianca Andreescu
63%
4 France Caroline Garcia
63%
14 USA Danielle Collins
63%
19 Russia Ekaterina Alexandrova
63%
40 Canada Leylah Fernandez
63%
11 USA Madison Keys
63%
70 Ukraine Marta Kostyuk
63%
92 China Qian Wang
63%
77 Switzerland Viktorija Golubic
63%
97 China Xinyu Wang
63%
50 China Xiyu Wang
63%
51 Kazakhstan Yulia Putintseva
63%
69 Croatia Donna Vekić
50%
47 Czech Republic Kateřina Siniaková
50%
20 Russia Liudmila Samsonova
50%
49 Poland Magda Linette
50%
26 Czech Republic Marie Bouzková
50%
16 Czech Republic Petra Kvitová
50%
38 Romania Sorana Cirstea
50%
68 Germany Tatjana Maria
50%
9 Russia Veronika Kudermetova
50%
43 Russia Anastasia Potapova
38%
80 Russia Anna Blinková
38%
58 Russia Anna Kalinskaya
38%
82 Colombia Camila Osorio
38%
67 Italy Camilla Giorgi
38%
55 Spain Garbiñe Muguruza
38%
34 Romania Irina-Camelia Begu
38%
32 Czech Republic Karolína Plíšková
38%
91 Czech Republic Linda Nosková
38%
63 Egypt Mayar Sherif
38%
66 Spain Sara Sorribes Tormo
38%
24 China Shuai Zhang
38%
31 Belarus Aliaksandra Sasnovich
25%
54 Belgium Alison van Uytvanck
25%
36 France Alizé Cornet
25%
52 Ukraine Anhelina Kalinina
25%
79 Montenegro Danka Kovinić
25%
76 France Diane Parry
25%
65 Italy Elisabetta Cocciaretto
25%
98 Great Britain Harriet Dart
25%
35 Switzerland Jil Teichmann
25%
30 Estonia Kaia Kanepi
25%
88 Slovenia Kaja Juvan
25%
93 Russia Kamilla Rakhimova
25%
86 USA Lauren Davis
25%
56 Italy Lucia Bronzetti
25%
72 Spain Nuria Parrizas Díaz
25%
83 Hungary Panna Udvardy
25%
39 Croatia Petra Martić
25%
46 USA Shelby Rogers
25%
87 Slovenia Tamara Zidanšek
25%
95 Russia Varvara Gracheva
25%
90 Bulgaria Viktoriya Tomova
25%
74 China Yue Yuan
25%
41 USA Alison Riske
13%
48 Romania Ana Bogdan
13%
100 Slovakia Anna Karolína Schmiedlová
13%
44 USA Bernarda Pera
13%
94 USA Catherina McNally
13%
60 USA Claire Liu
13%
85 Hungary Dalma Galfi
13%
53 Australia Daria Saville
13%
61 Germany Jule Niemeier
13%
84 Austria Julia Grabher
13%
78 Czech Republic Linda Fruhvirtová
13%
62 China Lin Zhu
13%
57 USA Madison Brengle
13%
28 Italy Martina Trevisan
13%
81 Belgium Maryna Zanevska
13%
64 Canada Rebecca Marino
13%
89 Germany Tamara Korpatsch
13%
73 Czech Republic Tereza Martincová
13%
96 Belgium Ysaline Bonaventure
13%
No matching quizzes found
Score Distribution
Percent of People with Each Score
Percentile by Number Answered
Your Score History
You have not taken this quiz since the last reset